Regions of Spain Quiz Stats

 Plays Quiz Updated Oct 9, 2018

Score 0/17 Timer 07:00
13 Plays Today
% Correct
Madrid
89.1%
Cataluña
84.1%
Andalucía
79.3%
Comunidad Autónoma Vasca
75.5%
Islas Canarias
74%
Comunidad Valenciana
73.7%
Galicia
72.1%
Aragón
64.7%
Islas Baleares
61.8%
% Correct
Castilla y León
61.5%
Región de Murcia
59.3%
Extremadura
58.6%
Castilla-La Mancha
57.3%
Principado de Asturias
54.8%
Comunidad Foral de Navarra
54.6%
La Rioja
53.6%
Cantabria
48.9%

You're not logged in!

Compare scores with friends on all Sporcle quizzes.
OR
Log In

Sporcle TV

Today on Sporcle TV


Watch our educational content, quiz creation guides, and fun videos on Sporcle TV.

Show Comments

Extras

Top Quizzes Today


Score Distribution

Your Account Isn't Verified!

In order to create a playlist on Sporcle, you need to verify the email address you used during registration. Go to your Sporcle Settings to finish the process.

Report this User

Report this user for behavior that violates our Community Guidelines.

Details: